01821nam a2200217 a 4500008004100000020001800041041000800059092001900067100002800086245010900114250001100223260003000234300001100264500013900275505096200414590003301376655002001409942001301429999001501442952014601457170223e2013 Ag ||||| |||| 00| 0 spa d a9789876043595 aspa c809.1l11sCHA1 aChávez, Rodolfo93204 aCrónicas de tierra adentro.bHistorias, hechos y personajes del Neuquén profundo /cRodolfo Chávez a1a ed. aNeuquén:bEDUCO:c2013. a154 p. aChávez, R. (2013). Crónicas de tierra adentro. Historias, hechos y personales del Neuquén profundo. (1a ed.). Neuquén : EDUCO. a"Crónicas de tierra adentro, Historias, hechos y personajes del Neuquén Profundo" es una selección de relatos breves, que aciertan en transmitir el color y la magia de la Patagonia, de sus ricos personajes, de sus paisajes desmesurados. Son historias de las que no se sale indemne, enamoran o indignan, despiertan sentimientos de adhesión o de rechazo, hacen reflexionar y tomar posición. Lejos del panfleto y de ciertos clichés periodísticos, Rodolfo Chávez cultiva el relato y en sus cuentos los personajes hablan por si mismos. Los paisajes y costumbres son apenas pinceladas, pero certeras como un balazo. Son relatos redondos que nos hacen dudar de nuestros propios sentidos: ¿Seremos suficientemente perspicaces y sensibles para apreciar la belleza que hay en los paisajes y las cosas?. Acaso el don natural de Chávez es dejarse seducir por sus personajes y sacar lo mejor de ellos, lo que quizá no sospechan que saben o que son.  aDonacion Rodolfo Chavez 2017 aNarracion93205 2ddccLIT c2326d2326 00102ddc40708NFICaBFMbBFMcCRd2017-02-23eDonacionl0o809.1;11;CHAp3827r2017-02-23tEj. 1w2017-02-23yLITzDonacion Rodolfo Chavez